| 000 | 01111cab a2200385 4500 | ||
|---|---|---|---|
| 001 | ABS59924 | ||
| 008 | 090401t1999 xxu||||| |||| 00| 0 eng d | ||
| 035 | _a(Sirsi) u91008 | ||
| 041 | _aeng | ||
| 245 | _aFocus `99: Bedfordshire and Buckinghamshire | ||
| 260 | _c1999 | ||
| 350 | _a0 | ||
| 490 |
_aEstates Gazette _v(9904) 30 January 1999, 85-123(12) |
||
| 650 | _aAYLESBURY | ||
| 650 | _aBEDFORD | ||
| 650 | _aBEDFORDSHIRE | ||
| 650 | _aBUCKINGHAMSHIRE | ||
| 650 | _aDUNSTABLE | ||
| 650 | _aHIGH WYCOMBE | ||
| 650 | _aINDUSTRIAL DEVELOPMENT | ||
| 650 | _aINDUSTRIAL MARKET | ||
| 650 | _aINDUSTRIAL RENTS | ||
| 650 | _aLUTON AIRPORT | ||
| 650 | _aLUTON | ||
| 650 | _aMILTON KEYNES | ||
| 650 | _aPROPERTY-COMMERCIAL PROPERTY-OFFICE PROPERTY-OFFICE PROPERTY MARKET | ||
| 650 | _aOFFICE RENTS | ||
| 650 | _aPLANNING POLICY | ||
| 650 | _aPROPERTY-COMMERCIAL PROPERTY-RETAIL PROPERTY-RETAIL PROPERTY MARKET | ||
| 650 | _aRETAIL RENTS | ||
| 650 | _aTHURLEIGH AIRFIELD | ||
| 690 | _aPROPERTY-COMMERCIAL PROPERTY-COMMERCIAL PROPERTY MARKET | ||
| 942 | _n0 | ||
| 948 | _c01/02/1999 | ||
| 999 |
_c57746 _d57746 |
||